[Event "SVK-ch Open 2018"]
[Site "Banska Stiavnica"]
[Date "2018.07.14"]
[Round "8"]
[White "Budinsky, Jozef"]
[Black "Gajdosik, Andrej"]
[Result "1-0"]
[WhiteElo "1931"]
[BlackElo "1992"]
[Annotator "NA"]
[PlyCount "109"]
[EventDate "2018.07.07"]
[EventType "swiss"]
[EventCountry "SVK"]
[SourceTitle "playchess.com"]
[Source "ChessBase"]
[SourceQuality "1"]
[TimeControl "40/5400+30:1800+30"]

1. c4 {[%emt 0:00:00]} e5 {[%emt 0:00:12]} 2. Nc3 {[%emt 0:00:00]} Nf6 {[%emt 0:00:32]} 3. g3 {[%emt 0:00:17]} d5 {[%emt 0:01:05]} 4. cxd5 {[%emt 0:00:19]} Nxd5 {[%emt 0:00:08]} 5. Bg2 {[%emt 0:00:10]} Nb6 {[%emt 0:00:26]} 6. Nf3 {[%emt 0:00:27]} Nc6 {[%emt 0:00:15]} 7. O-O {[%emt 0:00:14]} Be7 {[%emt 0:00:35]} 8. d3 {[%emt 0:00:24]} O-O {[%emt 0:00:27]} 9. Be3 {[%emt 0:01:21]} Be6 {[%emt 0:02:42]} 10. Rc1 {[%emt 0:09:28]} f5 {[%emt 0:03:09]} 11. Bh3 {[%emt 0:09:42]} Nd5 {[%emt 0:14:57]} 12. Nxd5 {[%emt 0:06:24]} Bxd5 {[%emt 0:03:47]} 13. a3 {[%emt 0:03:02]} g5 {[%emt 0:04:06]} 14. Bg2 {[%emt 0:01:24]} g4 {[%emt 0:08:45]} 15. Nd2 {[%emt 0:01:13]} Bxg2 {[%emt 0:04:43]} 16. Kxg2 {[%emt 0:00:02]} Qd5+ {[%emt 0:00:21]} 17. f3 {[%emt 0:00:27]} f4 {[%emt 0:03:18]} 18. Bg1 {[%emt 0:04:34]} fxg3 {[%emt 0:02:28]} 19. hxg3 {[%emt 0:00:20]} gxf3+ {[%emt 0:00:25]} 20. Rxf3 {[%emt 0:02:24]} Rxf3 {[%emt 0:02:22]} 21. Nxf3 {[%emt 0:00:29]} Rd8 {[%emt 0:00:25]} 22. Qa4 {[%emt 0:02:10]} Kh8 {[%emt 0:03:39]} 23. Qc4 {[%emt 0:03:48]} a6 {[%emt 0:06:39]} 24. Qxd5 {[%emt 0:02:12]} Rxd5 {[%emt 0:00:05]} 25. Rc4 {[%emt 0:01:13]} Bd6 {[%emt 0:02:48]} 26. Rg4 {[%emt 0:01:39]} h6 {[%emt 0:03:37]} 27. Be3 {[%emt 0:00:33]} Kh7 {[%emt 0:01:16]} 28. Rh4 {[%emt 0:01:37]} Bf8 {[%emt 0:03:21]} 29. Ng5+ {[%emt 0:02:59]} Kg6 {[%emt 0:02:13]} 30. Ne6 {[%emt 0:00:11]} Bd6 {[%emt 0:00:39]} 31. Rxh6+ {[%emt 0:00:26]} Kf7 {[%emt 0:00:05]} 32. Nxc7 {[%emt 0:03:02]} Bxc7 {[%emt 0:00:01]} 33. Rh7+ {[%emt 0:00:13]} Kf6 {[%emt 0:00:21]} 34. Rxc7 {[%emt 0:00:09]} Rb5 {[%emt 0:00:17]} 35. b4 {[%emt 0:02:19]} a5 {[%emt 0:00:54]} 36. bxa5 {[%emt 0:07:11]} Rxa5 {[%emt 0:02:22]} 37. Rxb7 {[%emt 0:00:20]} Rxa3 {[%emt 0:00:04]} 38. Rb6 {[%emt 0:02:31]} Rc3 {[%emt 0:00:07]} 39. Kf3 {[%emt 0:00:11]} Kf7 {[%emt 0:02:02]} 40. Ke4 {[%emt 0:00:25]} Rc2 {[%emt 0:00:14]} 41. Kf3 {[%emt 0:30:54]} Ne7 {[%emt 0:31:42]} 42. Rb5 {[%emt 0:02:28]} Ke6 {[%emt 0:00:55]} 43. g4 {[%emt 0:05:48]} Nd5 {[%emt 0:00:16]} 44. Bf2 {[%emt 0:03:15]} Rxe2 {[%emt 0:05:50]} 45. Rxd5 {[%emt 0:00:46]} Rxf2+ {[%emt 0:00:07]} 46. Kxf2 {[%emt 0:00:12]} Kxd5 {[%emt 0:00:03]} 47. Ke3 {[%emt 0:00:11]} Kd6 {[%emt 0:00:08]} 48. g5 {[%emt 0:00:18]} Ke7 {[%emt 0:00:23]} 49. Ke4 {[%emt 0:00:13]} Ke6 {[%emt 0:00:07]} 50. g6 {[%emt 0:00:26]} Kf6 {[%emt 0:00:12]} 51. g7 {[%emt 0:00:12]} Kxg7 {[%emt 0:00:03]} 52. Kxe5 {[%emt 0:00:17]} Kf7 {[%emt 0:00:03]} 53. Kd6 {[%emt 0:00:24]} Ke8 {[%emt 0:00:18]} 54. d4 {[%emt 0:00:57]} Kd8 {[%emt 0:00:07]} 55. d5 {[%emt 0:00:12]} 1-0

[Event "SVK-ch Open 2018"]
[Site "Banska Stiavnica"]
[Date "2018.07.14"]
[Round "8"]
[White "Liska, Jaroslav"]
[Black "Odler, Daniel"]
[Result "0-1"]
[WhiteElo "1900"]
[BlackElo "2067"]
[Annotator "NA"]
[PlyCount "90"]
[EventDate "2018.07.07"]
[EventType "swiss"]
[EventCountry "SVK"]
[SourceTitle "playchess.com"]
[Source "ChessBase"]
[SourceQuality "1"]
[TimeControl "40/5400+30:1800+30"]

1. e4 {[%emt 0:00:00]} c5 {[%emt 0:00:00]} 2. Nf3 {[%emt 0:00:00]} e6 {[%emt 0:00:00]} 3. d4 cxd4 4. Nxd4 {[%emt 0:00:52]} a6 {[%emt 0:00:29] LiveBook: 25296 Partien} 5. a4 Qc7 6. Bd3 {[%emt 0:02:54]} Nf6 {[%emt 0:00:58]} 7. Be3 {[%emt 0:02:20]} Nc6 {[%emt 0:00:36]} 8. Nxc6 {[%emt 0:00:19]} Qxc6 {[%emt 0:01:58]} 9. f3 $11 {[%emt 0:00:25]} Bc5 {[%emt 0:08:25]} 10. Bxc5 {[%emt 0:04:54]} Qxc5 {[%emt 0:00:08]} 11. Qd2 {[%emt 0:00:19]} d5 {[%emt 0:07:08]} 12. e5 {[%emt 0:03:28]} Nd7 {[%emt 0:01:22]} 13. f4 {[%emt 0:00:17]} O-O {[%emt 0:01:38]} 14. Qf2 {[%emt 0:09:39]} f6 {[%emt 0:08:13]} 15. Qxc5 {[%emt 0:07:22]} Nxc5 {[%emt 0:00:04]} 16. b4 {[%emt 0:07:34]} Nxd3+ {[%emt 0:01:18]} 17. cxd3 {[%emt 0:00:01]} fxe5 {[%emt 0:00:46]} 18. fxe5 {[%emt 0:00:03]} Rf4 {[%emt 0:04:42]} 19. Ke2 {[%emt 0:03:41]} Rxb4 {[%emt 0:00:26]} 20. Nd2 {[%emt 0:02:06]} Bd7 {[%emt 0:09:27]} 21. a5 {[%emt 0:00:56]} Rc8 {[%emt 0:04:43]} 22. Rhb1 {[%emt 0:04:17]} Rxb1 {[%emt 0:00:41]} 23. Rxb1 {[%emt 0:00:37]} Bb5 {[%emt 0:00:25]} 24. Ke3 {[%emt 0:08:09]} Rc2 {[%emt 0:04:11]} 25. Nf3 {[%emt 0:04:45]} Rc3 {[%emt 0:14:05]} 26. Ng5 {[%emt 0:12:14]} Rxd3+ {[%emt 0:00:30]} 27. Kf2 {[%emt 0:00:16]} Ra3 {[%emt 0:06:46]} 28. Nxe6 {[%emt 0:01:36]} Rxa5 {[%emt 0:01:45]} 29. Nd8 {[%emt 0:04:16]} Ra4 {[%emt 0:06:40]} 30. Nxb7 {[%emt 0:06:00]} Re4 {[%emt 0:05:16]} 31. Re1 {[%emt 0:10:45]} Rxe1 {[%emt 0:00:29]} 32. Kxe1 {[%emt 0:00:01]} Kf7 {[%emt 0:00:44]} 33. Nc5 {[%emt 0:00:49]} Kg6 {[%emt 0:01:56]} 34. Kf2 {[%emt 0:02:46]} Kf5 {[%emt 0:00:42]} 35. e6 {[%emt 0:00:01]} d4 {[%emt 0:05:08]} 36. Nb3 {[%emt 0:02:30]} Ke5 {[%emt 0:01:45]} 37. e7 {[%emt 0:00:19]} Kd5 {[%emt 0:01:38]} 38. Ke1 {[%emt 0:01:28]} Kc4 {[%emt 0:01:16]} 39. Nd2+ {[%emt 0:00:29]} Kd3 {[%emt 0:01:06]} 40. Nf3 {[%emt 0:00:50]} a5 {[%emt 0:01:03]} 41. Ne5+ {[%emt 0:14:03]} Kc3 {[%emt 0:03:14]} 42. Nf7 {[%emt 0:03:05]} d3 {[%emt 0:00:41]} 43. Nd6 {[%emt 0:01:13]} d2+ {[%emt 0:01:17]} 44. Kf2 {[%emt 0:00:36]} Bd7 {[%emt 0:03:43]} 45. Ne4+ {[%emt 0:06:13]} Kc2 {[%emt 0:01:00]} 0-1

[Event "SVK-ch Open 2018"]
[Site "Banska Stiavnica"]
[Date "2018.07.14"]
[Round "8"]
[White "Brnusak, Andrej"]
[Black "Bartek, Ladislav"]
[Result "1/2-1/2"]
[WhiteElo "1866"]
[BlackElo "2049"]
[Annotator "NA"]
[PlyCount "80"]
[EventDate "2018.07.07"]
[EventType "swiss"]
[EventCountry "SVK"]
[SourceTitle "playchess.com"]
[Source "ChessBase"]
[SourceQuality "1"]
[TimeControl "40/5400+30:1800+30"]

1. e4 {[%emt 0:00:00]} e5 {[%emt 0:00:00]} 2. Nf3 {[%emt 0:00:00]} Nc6 {[%emt 0:00:00]} 3. Bb5 {[%emt 0:00:00]} a6 {[%emt 0:00:00]} 4. Bxc6 {[%emt 0:00:00]} dxc6 {[%emt 0:00:00]} 5. O-O {[%emt 0:00:10]} f6 {[%emt 0:00:15]} 6. d4 {[%emt 0:00:15]} Bg4 {[%emt 0:00:08]} 7. dxe5 {[%emt 0:00:18]} Qxd1 {[%emt 0:00:08]} 8. Rxd1 {[%emt 0:00:07]} fxe5 {[%emt 0:00:05]} 9. Nbd2 {[%emt 0:00:15]} O-O-O {[%emt 0:01:09]} 10. Re1 {[%emt 0:00:20]} Re8 {[%emt 0:00:45]} 11. h3 {[%emt 0:00:23]} Bh5 {[%emt 0:01:34]} 12. g4 {[%emt 0:00:39]} Bg6 {[%emt 0:00:11]} 13. b3 {[%emt 0:00:29]} Nf6 {[%emt 0:01:05]} 14. Bb2 {[%emt 0:00:12]} Nd7 {[%emt 0:03:05]} 15. Nc4 {[%emt 0:05:18]} Bd6 {[%emt 0:05:05]} 16. Nh4 {[%emt 0:13:41]} Bb4 {[%emt 0:12:22]} 17. Re2 {[%emt 0:05:07]} b5 {[%emt 0:00:21]} 18. Nd2 {[%emt 0:03:26]} Bxd2 {[%emt 0:00:39]} 19. Rxd2 {[%emt 0:01:33]} Bxe4 {[%emt 0:00:33]} 20. Re2 {[%emt 0:01:56]} Bd5 {[%emt 0:01:29]} 21. Rae1 {[%emt 0:01:53]} g6 {[%emt 0:02:27]} 22. f4 {[%emt 0:04:11]} Rhf8 {[%emt 0:00:12]} 23. fxe5 {[%emt 0:00:48]} Re6 {[%emt 0:00:35]} 24. Ng2 {[%emt 0:04:37]} Rf3 {[%emt 0:03:30]} 25. Re3 {[%emt 0:04:58]} Rxe3 {[%emt 0:01:38]} 26. Rxe3 {[%emt 0:00:10]} g5 {[%emt 0:01:36]} 27. Ne1 {[%emt 0:07:37]} c5 {[%emt 0:00:13]} 28. Kf2 {[%emt 0:07:41]} c4 {[%emt 0:00:16]} 29. Nf3 {[%emt 0:03:42]} Bxf3 {[%emt 0:00:40]} 30. Kxf3 {[%emt 0:00:46]} cxb3 {[%emt 0:01:11]} 31. cxb3 {[%emt 0:01:35]} Kd8 {[%emt 0:00:24]} 32. Ke4 {[%emt 0:04:51]} Ke7 {[%emt 0:00:42]} 33. Ba3+ {[%emt 0:02:26]} c5 {[%emt 0:04:28]} 34. Kd5 {[%emt 0:01:16]} b4 {[%emt 0:00:12]} 35. Bc1 {[%emt 0:01:37]} h6 {[%emt 0:01:17]} 36. Re4 {[%emt 0:04:05]} Rb6 {[%emt 0:05:33]} 37. Re2 {[%emt 0:05:48]} Rb5 {[%emt 0:04:23]} 38. Be3 {[%emt 0:02:09]} c4+ {[%emt 0:01:16]} 39. Kxc4 {[%emt 0:00:21]} Nxe5+ {[%emt 0:00:22]} 40. Kd4 {[%emt 0:00:41]} Ke6 {[%emt 0:00:45]} 1/2-1/2

[Event "SVK-ch Open 2018"]
[Site "Banska Stiavnica"]
[Date "2018.07.14"]
[Round "8"]
[White "Huncar, Martin"]
[Black "Toma, Rudolf"]
[Result "0-1"]
[WhiteElo "1840"]
[BlackElo "2018"]
[Annotator "NA"]
[PlyCount "56"]
[EventDate "2018.07.07"]
[EventType "swiss"]
[EventCountry "SVK"]
[SourceTitle "playchess.com"]
[Source "ChessBase"]
[SourceQuality "1"]
[TimeControl "40/5400+30:1800+30"]

1. e4 {[%emt 0:00:00]} c6 {[%emt 0:00:00]} 2. Nc3 {[%emt 0:00:00]} e5 {[%emt 0:00:30]} 3. d4 {[%emt 0:00:21]} exd4 {[%emt 0:01:49]} 4. Qxd4 {[%emt 0:00:04]} d6 {[%emt 0:00:16]} 5. Nf3 {[%emt 0:03:13]} Nf6 {[%emt 0:00:51]} 6. Bc4 {[%emt 0:04:45]} Be7 {[%emt 0:01:09]} 7. Bf4 {[%emt 0:03:25]} b5 {[%emt 0:02:29]} 8. Bb3 {[%emt 0:04:58]} c5 {[%emt 0:00:22]} 9. Qd2 {[%emt 0:06:40]} c4 {[%emt 0:00:38]} 10. Nxb5 {[%emt 0:00:18]} cxb3 {[%emt 0:00:07]} 11. Bxd6 {[%emt 0:12:45]} O-O {[%emt 0:07:09]} 12. Nc7 {[%emt 0:12:27]} Nxe4 {[%emt 0:02:41]} 13. Bxe7 {[%emt 0:10:40]} Qxe7 {[%emt 0:10:39]} 14. Nd5 {[%emt 0:00:55]} Qc5 {[%emt 0:00:57]} 15. Qd4 {[%emt 0:02:11]} bxc2 {[%emt 0:21:39]} 16. Qxc5 {[%emt 0:01:28]} Nxc5 {[%emt 0:00:07]} 17. Nc7 {[%emt 0:02:45]} Nba6 {[%emt 0:02:32]} 18. Nxa8 {[%emt 0:00:49]} Nd3+ {[%emt 0:00:37]} 19. Kd2 {[%emt 0:02:32]} c1=Q+ {[%emt 0:00:11]} 20. Raxc1 {[%emt 0:00:09]} Nxc1 {[%emt 0:00:05]} 21. Rxc1 {[%emt 0:00:09]} Rd8+ {[%emt 0:00:06]} 22. Ke3 {[%emt 0:04:47]} Bb7 {[%emt 0:00:06]} 23. Rc7 {[%emt 0:05:28]} Nxc7 {[%emt 0:03:09]} 24. Nxc7 {[%emt 0:00:03]} a6 {[%emt 0:00:11]} 25. Nd4 {[%emt 0:07:13]} Rc8 {[%emt 0:00:14]} 26. Nxa6 {[%emt 0:00:21]} Bxa6 {[%emt 0:00:09]} 27. b4 {[%emt 0:01:23]} Rc3+ {[%emt 0:00:32]} 28. Kd2 {[%emt 0:03:41]} Rd3+ {[%emt 0:00:07]} 0-1

[Event "SVK-ch Open 2018"]
[Site "Banska Stiavnica"]
[Date "2018.07.14"]
[Round "8"]
[White "Cabanova, Kristina"]
[Black "Budinsky, Martin"]
[Result "0-1"]
[WhiteElo "1691"]
[BlackElo "1985"]
[Annotator "NA"]
[PlyCount "68"]
[EventDate "2018.07.07"]
[EventType "swiss"]
[EventCountry "SVK"]
[SourceTitle "playchess.com"]
[Source "ChessBase"]
[SourceQuality "1"]
[TimeControl "40/5400+30:1800+30"]

1. d4 {[%emt 0:00:00]} Nf6 {[%emt 0:00:00]} 2. Bf4 {[%emt 0:00:14]} e6 {[%emt 0:00:06]} 3. Nf3 {[%emt 0:01:13]} c5 {[%emt 0:03:05]} 4. e3 {[%emt 0:03:04]} b6 {[%emt 0:01:00]} 5. h3 {[%emt 0:03:36]} Bb7 {[%emt 0:00:28]} 6. Be2 {[%emt 0:00:26]} Be7 {[%emt 0:00:09]} 7. c3 {[%emt 0:00:32]} Nc6 {[%emt 0:02:52]} 8. Nbd2 {[%emt 0:02:09]} d6 {[%emt 0:03:24]} 9. O-O {[%emt 0:01:38]} cxd4 {[%emt 0:00:33]} 10. exd4 {[%emt 0:00:19]} O-O {[%emt 0:00:35]} 11. Re1 {[%emt 0:01:59]} h6 {[%emt 0:01:35]} 12. Qc2 {[%emt 0:15:17]} a6 {[%emt 0:01:57]} 13. a4 {[%emt 0:00:46]} Rc8 {[%emt 0:01:18]} 14. Qb3 {[%emt 0:02:34]} Na5 {[%emt 0:02:48]} 15. Qd1 {[%emt 0:01:16]} Nd5 {[%emt 0:02:40]} 16. Bg3 {[%emt 0:02:27]} f5 {[%emt 0:13:35]} 17. Bf1 {[%emt 0:06:20]} Rf6 {[%emt 0:04:27]} 18. Nb3 {[%emt 0:05:19]} Nc4 {[%emt 0:03:57]} 19. Bxc4 {[%emt 0:05:30]} Rxc4 {[%emt 0:00:08]} 20. Qd3 {[%emt 0:01:36]} Rc8 {[%emt 0:00:58]} 21. Re2 {[%emt 0:07:52]} Kf7 {[%emt 0:04:36]} 22. Rae1 {[%emt 0:05:44]} Qh8 {[%emt 0:01:09]} 23. Nbd2 {[%emt 0:13:27]} Rg8 {[%emt 0:00:38]} 24. Nc4 {[%emt 0:00:27]} f4 {[%emt 0:00:46]} 25. Bh2 {[%emt 0:00:05]} g5 {[%emt 0:01:13]} 26. Nfd2 {[%emt 0:03:20]} f3 {[%emt 0:06:45]} 27. Nxf3 {[%emt 0:02:19]} Nf4 {[%emt 0:01:41]} 28. Bxf4 {[%emt 0:00:47]} gxf4 {[%emt 0:00:16]} 29. Kh2 {[%emt 0:01:07]} Rfg6 {[%emt 0:04:17]} 30. Rg1 {[%emt 0:01:05]} Qg7 {[%emt 0:05:29]} 31. Ne1 {[%emt 0:00:18]} Bxg2 {[%emt 0:02:40]} 32. f3 {[%emt 0:00:16]} Bf1 {[%emt 0:00:52]} 33. Qxg6+ {[%emt 0:03:31]} Qxg6 {[%emt 0:00:14]} 34. Rxf1 {[%emt 0:01:22]} Qg3+ {[%emt 0:00:13]} 0-1

[Event "SVK-ch Open 2018"]
[Site "Banska Stiavnica"]
[Date "2018.07.14"]
[Round "8"]
[White "Ihnat, Marek"]
[Black "Dylag, Emilia"]
[Result "1/2-1/2"]
[WhiteElo "1459"]
[BlackElo "1989"]
[Annotator "NA"]
[PlyCount "93"]
[EventDate "2018.07.07"]
[EventType "swiss"]
[EventCountry "SVK"]
[SourceTitle "playchess.com"]
[Source "ChessBase"]
[SourceQuality "1"]
[TimeControl "40/5400+30:1800+30"]

1. d4 {[%emt 0:00:14]} Nf6 {[%emt 0:00:00]} 2. Bf4 {[%emt 0:01:00]} d5 {[%emt 0:00:49]} 3. e3 {[%emt 0:01:44]} e6 {[%emt 0:01:08]} 4. Nf3 {[%emt 0:01:44]} c5 {[%emt 0:05:10]} 5. c3 {[%emt 0:01:19]} Nc6 {[%emt 0:02:04]} 6. Nbd2 {[%emt 0:02:57]} Bd6 {[%emt 0:01:59]} 7. Bxd6 {[%emt 0:09:03]} Qxd6 {[%emt 0:00:26]} 8. Bd3 {[%emt 0:02:47]} O-O {[%emt 0:01:49]} 9. O-O {[%emt 0:00:43]} e5 {[%emt 0:02:06]} 10. dxe5 {[%emt 0:01:07]} Nxe5 {[%emt 0:00:06]} 11. Nxe5 {[%emt 0:00:24]} Qxe5 {[%emt 0:00:02]} 12. Nf3 {[%emt 0:00:55]} Qe7 {[%emt 0:00:53]} 13. h3 {[%emt 0:09:00]} Bd7 {[%emt 0:02:59]} 14. Qc2 {[%emt 0:09:51]} Bc6 {[%emt 0:02:21]} 15. Rfe1 {[%emt 0:03:14]} Rfe8 {[%emt 0:01:56]} 16. Rad1 {[%emt 0:01:30]} Rad8 {[%emt 0:01:15]} 17. Qe2 {[%emt 0:10:03]} a6 {[%emt 0:04:16]} 18. Qc2 {[%emt 0:04:36]} b5 {[%emt 0:04:16]} 19. Nd2 {[%emt 0:06:45]} Qb7 {[%emt 0:09:16]} 20. Bf1 {[%emt 0:00:50]} a5 {[%emt 0:04:02]} 21. b3 {[%emt 0:08:20]} g6 {[%emt 0:10:31]} 22. Qb2 {[%emt 0:03:46]} Re6 {[%emt 0:05:59]} 23. a3 {[%emt 0:02:04]} Qe7 {[%emt 0:05:12]} 24. Qa1 {[%emt 0:09:33]} g5 {[%emt 0:10:54]} 25. g3 {[%emt 0:03:07]} Nh5 {[%emt 0:02:00]} 26. Bg2 {[%emt 0:02:10]} f5 {[%emt 0:03:11]} 27. Nf3 {[%emt 0:01:12]} g4 {[%emt 0:05:15]} 28. hxg4 {[%emt 0:00:26]} fxg4 {[%emt 0:00:05]} 29. Nh4 {[%emt 0:00:21]} Qg5 {[%emt 0:02:00]} 30. Qb2 {[%emt 0:01:42]} Rf8 {[%emt 0:02:23]} 31. Rd2 {[%emt 0:01:42]} Qe5 {[%emt 0:04:29]} 32. c4 {[%emt 0:01:20]} Qxb2 {[%emt 0:04:27]} 33. Rxb2 {[%emt 0:00:04]} dxc4 {[%emt 0:00:25]} 34. bxc4 {[%emt 0:00:22]} Bxg2 {[%emt 0:00:26]} 35. Nxg2 {[%emt 0:00:37]} b4 {[%emt 0:00:17]} 36. axb4 {[%emt 0:00:31]} cxb4 {[%emt 0:01:03]} 37. Ra1 {[%emt 0:00:45]} Rf5 {[%emt 0:00:50]} 38. Ne1 {[%emt 0:00:40]} Rc6 {[%emt 0:00:47]} 39. Rba2 {[%emt 0:00:30]} Rxc4 {[%emt 0:01:33]} 40. Rxa5 {[%emt 0:00:14]} Ng7 {[%emt 0:00:45]} 41. Rxf5 {[%emt 0:01:33]} Nxf5 {[%emt 0:00:00]} 42. Rb1 {[%emt 0:00:53]} Ne7 {[%emt 0:00:57]} 43. Nd3 {[%emt 0:05:19]} Nc6 {[%emt 0:01:16]} 44. Kf1 {[%emt 0:01:12]} Kf7 {[%emt 0:01:21]} 45. Ke2 {[%emt 0:01:25]} Ke6 {[%emt 0:06:05]} 46. Rb2 {[%emt 0:04:04]} Kd6 {[%emt 0:01:44]} 47. f4 {[%emt 0:03:21] Ke5} 1/2-1/2

[Event "SVK-ch Open 2018"]
[Site "Banska Stiavnica"]
[Date "2018.07.15"]
[Round "9"]
[White "Pacher, Milan"]
[Black "Szeberenyi, Adam"]
[Result "1/2-1/2"]
[WhiteElo "2467"]
[BlackElo "2372"]
[Annotator "ChessBase"]
[PlyCount "21"]
[EventDate "2018.07.07"]
[EventType "swiss"]
[EventCountry "SVK"]
[SourceTitle "playchess.com"]
[Source "ChessBase"]
[SourceQuality "1"]
[TimeControl "40/5400+30:1800+30"]

1. e4 {[%emt 0:00:00]} c5 {[%emt 0:00:00]} 2. Nf3 {[%emt 0:00:00]} d6 {[%emt 0:00:00]} 3. Bb5+ {[%emt 0:00:00]} Bd7 {[%emt 0:00:00]} 4. Bxd7+ {[%emt 0:00:00]} Qxd7 {[%emt 0:00:00]} 5. c4 {[%emt 0:00:00]} Nc6 {[%emt 0:00:00]} 6. d4 {[%emt 0:00:00]} cxd4 {[%emt 0:00:00]} 7. Nxd4 {[%emt 0:00:05]} Nf6 {[%emt 0:00:06]} 8. Nc3 {[%emt 0:00:07]} Qg4 {[%emt 0:00:13]} 9. O-O {[%emt 0:00:32]} Qxd1 {[%emt 0:00:09]} 10. Rxd1 {[%emt 0:00:03]} Rc8 {[%emt 0:01:06]} 11. b3 {[%emt 0:00:18]} 1/2-1/2

[Event "SVK-ch Open 2018"]
[Site "Banska Stiavnica"]
[Date "2018.07.15"]
[Round "9"]
[White "Druska, Juraj"]
[Black "Macko, Michal"]
[Result "1-0"]
[WhiteElo "2439"]
[BlackElo "2158"]
[Annotator "NA RC"]
[PlyCount "107"]
[EventDate "2018.07.07"]
[EventType "swiss"]
[EventCountry "SVK"]
[SourceTitle "playchess.com"]
[Source "ChessBase"]
[SourceQuality "1"]
[TimeControl "40/5400+30:1800+30"]

1. e4 {[%emt 0:11:22]} e6 {[%emt 0:00:00]} 2. d4 {[%emt 0:00:44]} d5 {[%emt 0:00:00]} 3. Bd3 {[%emt 0:00:09]} dxe4 {[%emt 0:00:00]} 4. Bxe4 {[%emt 0:00:05]} Nf6 {[%emt 0:00:00]} 5. Bf3 {[%emt 0:00:05]} c5 {[%emt 0:00:31]} 6. Ne2 {[%emt 0:00:05]} Nc6 {[%emt 0:00:04]} 7. Be3 {[%emt 0:00:03]} cxd4 {[%emt 0:00:16]} 8. Nxd4 {[%emt 0:00:08]} Ne5 {[%emt 0:00:05]} 9. O-O {[%emt 0:00:54]} Nxf3+ {[%emt 0:02:33]} 10. Qxf3 {[%emt 0:00:12]} Be7 {[%emt 0:00:18]} 11. Nc3 {[%emt 0:03:39]} a6 {[%emt 0:07:49]} 12. Rad1 {[%emt 0:10:11]} Qc7 {[%emt 0:02:33]} 13. Rfe1 {[%emt 0:34:28]} Bd7 {[%emt 0:06:55]} 14. Bg5 {[%emt 0:09:22]} Bc6 {[%emt 0:17:28]} 15. Nxc6 {[%emt 0:00:07]} Qxc6 {[%emt 0:00:06]} 16. Qxc6+ {[%emt 0:00:05]} bxc6 {[%emt 0:00:03]} 17. Rd3 {[%emt 0:14:52]} Rd8 {[%emt 0:05:49]} 18. Bxf6 {[%emt 0:06:30]} Bxf6 {[%emt 0:04:56]} 19. Red1 {[%emt 0:00:02]} Rxd3 {[%emt 0:00:13]} 20. Rxd3 {[%emt 0:00:05]} Ke7 {[%emt 0:00:08]} 21. Na4 {[%emt 0:01:41]} Rb8 {[%emt 0:00:28]} 22. b3 {[%emt 0:00:17]} Be5 {[%emt 0:01:12]} 23. Kf1 {[%emt 0:01:46]} h5 {[%emt 0:00:29]} 24. h3 {[%emt 0:00:44]} g6 {[%emt 0:00:10]} 25. Ke2 {[%emt 0:00:17]} Bd6 {[%emt 0:00:11]} 26. Nb2 {[%emt 0:01:10]} Rb5 {[%emt 0:07:20]} 27. Nc4 {[%emt 0:00:01]} Bc7 {[%emt 0:00:07]} 28. Nd2 {[%emt 0:00:52]} Rd5 {[%emt 0:07:06]} 29. Nc4 {[%emt 0:00:50]} Rb5 {[%emt 0:00:21]} 30. Re3 {[%emt 0:00:22]} Rd5 {[%emt 0:01:12]} 31. g4 {[%emt 0:01:35]} hxg4 {[%emt 0:03:30]} 32. hxg4 {[%emt 0:00:02]} Rd4 {[%emt 0:00:34]} 33. f3 {[%emt 0:01:01]} Rd8 {[%emt 0:00:05]} 34. Ne5 {[%emt 0:01:07]} Bxe5 {[%emt 0:01:42]} 35. Rxe5 {[%emt 0:00:01]} Rd5 {[%emt 0:00:07]} 36. Re4 {[%emt 0:00:36]} f5 {[%emt 0:05:02]} 37. Rb4 {[%emt 0:01:30]} a5 {[%emt 0:01:09]} 38. Rb7+ {[%emt 0:00:10]} Kd6 {[%emt 0:00:04]} 39. Rg7 {[%emt 0:00:50]} fxg4 {[%emt 0:00:10]} 40. fxg4 {[%emt 0:00:10]} g5 {[%emt 0:00:21]} 41. c4 {[%emt 0:31:17]} Re5+ {[%emt 0:33:50]} 42. Kd3 {[%emt 0:00:28]} c5 {[%emt 0:04:55]} 43. Ra7 {[%emt 0:00:00]} Re1 {[%emt 0:00:00]} 44. Ra6+ {[%emt 0:00:00]} Ke5 {[%emt 0:00:00]} 45. Rxa5 {[%emt 0:00:00]} Kf4 {[%emt 0:00:00]} 46. Rxc5 {[%emt 0:00:00]} e5 {[%emt 0:00:00]} 47. Rc8 {[%emt 0:00:00]} e4+ {[%emt 0:00:00]} 48. Kd2 {[%emt 0:00:00]} Ra1 {[%emt 0:00:00]} 49. Rf8+ {[%emt 0:00:00]} Kxg4 {[%emt 0:00:00]} 50. Ke3 {[%emt 0:00:00]} Re1+ {[%emt 0:00:00]} 51. Kd4 {[%emt 0:00:00]} e3 {[%emt 0:00:00]} 52. Kd3 {[%emt 0:00:00]} e2 {[%emt 0:00:00]} 53. Rf2 {[%emt 0:00:00]} Kg3 {[%emt 0:00:00]} 54. Rxe2 {[%emt 0:00:00]} 1-0

[Event "SVK-ch Open 2018"]
[Site "Banska Stiavnica"]
[Date "2018.07.15"]
[Round "9"]
[White "Jablonicky, Martin"]
[Black "Bokros, Albert"]
[Result "1-0"]
[WhiteElo "2356"]
[BlackElo "2483"]
[Annotator "TA"]
[PlyCount "89"]
[EventDate "2018.07.07"]
[EventType "swiss"]
[EventCountry "SVK"]
[SourceTitle "playchess.com"]
[Source "ChessBase"]
[SourceQuality "1"]

{[%evp 20,89,-29,-41,-6,-38,0,0,26,25,12,22,25,25,29,18,108,106,113,111,109,110,106,100,113,100,106,87,93,58,315,315,393,393,386,382,381,395,377,365,374,345,432,422,416,401,558,477,1102,846,1090,513,793,1162,1092,1108,973,962,1070,1044,1002,612,994,1008,958,931,920,556,526,485,464,446]} 1. Nf3 c5 2. g3 Nc6 3. Bg2 e5 4. O-O d5 5. c4 d4 6. d3 Be7 7. b4 {A09: Réti Opening: 1 Nf3 d5 2 c4} cxb4 8. a3 bxa3 9. Nbd2 Nf6 10. Qa4 O-O 11. Bxa3 {LiveBook: 5 Games} Re8 12. Rfb1 Qc7 $146 13. Ng5 h6 14. Nge4 Nxe4 15. Nxe4 Rb8 16. Bxe7 Rxe7 17. Nc5 Bd7 (17... Qd6 $11) 18. Nxd7 $16 Rxd7 19. Bxc6 bxc6 20. Rxb8+ Qxb8 21. Qxc6 {[%mdl 4096] Endgame KQR-KQR} Re7 22. Ra5 f6 23. Rb5 Qd8 24. Rb7 {Strongly threatening Rxe7.} Rxb7 $4 {[%mdl 8192]} ({Better is} 24... Qa8 $1 $14 25. Rc7 Qxc6 26. Rxc6 Kf7) 25. Qxb7 $14 {c5 is the strong threat. KQ-KQ} Qa5 {[#]} 26. Qc8+ $1 Kf7 27. c5 Ke7 28. Qb7+ Kd8 29. Qb8+ Kd7 30. Qd6+ Kc8 31. Qf8+ Kb7 {intending ...Qc7.} 32. Qxg7+ Qc7 33. Qxh6 {White is clearly winning.} Qxc5 (33... Qe7 $142 34. g4 e4) 34. h4 $18 a5 35. Qxf6 (35. h5 $142) 35... a4 (35... e4 $142 36. dxe4 a4 37. Qf7+ Qc7 38. Qd5+ Qc6 39. Qxd4 Qc1+ 40. Kh2 a3) 36. h5 {[%cal Bh4h5,Bh5h6][%mdl 32]} a3 37. h6 Qc7 38. Qe6 Ka7 39. Qb3 Qc1+ 40. Kg2 Qc6+ 41. f3 Qxh6 42. Qxa3+ Kb6 43. Qb4+ Ka6 44. Qc4+ Kb6 45. Qd5 {Precision: White = 70%, Black = 42%.} 1-0